| 000 | 01541nam a22003977a 4500 | ||
|---|---|---|---|
| 003 | CHAP | ||
| 005 | 20251112085802.0 | ||
| 008 | 101202s2008 mx a r 00010 spa d | ||
| 010 | _a100035 | ||
| 011 | _a101007 | ||
| 020 | _a9688393355 | ||
| 035 | _a111693 | ||
| 040 | _cCHAP | ||
| 082 | 1 | 4 |
_a636.08 _bG15 |
| 245 | 0 | 0 |
_aGanadería y desarrollo rural en tiempos de crisis _c/coordinado por Beatriz A. Cavallotti Vázquez, Benito Ramírez Valverde y Carlos F. Marcof Álvarez |
| 260 |
_aChapingo, Méx. : _bUACH. Departamento de Zootecnia, _c2008 |
||
| 300 |
_a356 p. : _bilus., cuadros, gráfs. |
||
| 590 |
_aBATCH-UPD _b10 _c20130110 _lUCH01 _h0958 |
||
| 590 |
_aBATCH-UPD _b10 _c20130410 _lUCH01 _h0610 |
||
| 590 |
_aBATCH-UPD _b10 _c20130914 _lUCH01 _h0902 |
||
| 590 |
_aCONVERSION _b10 _c20130109 _lUCH01 _h1355 |
||
| 650 | 1 | 4 |
_aCrisis económica. _928975 |
| 650 | 1 | 4 |
_aDesarrollo rural. _932067 |
| 650 | 1 | 4 |
_aGanadería _xAspectos económicos. _944616 |
| 650 | 1 | 4 |
_aGanadería _xInvestigación. _944756 |
| 650 | 1 | 4 |
_aGlobalización. _948300 |
| 700 | 0 |
_aCavallotti Vázquez, Beatriz Aurelia _e, coord. _920593 |
|
| 700 | 0 |
_aRamírez Valverde, Benito _e, coord. _994314 |
|
| 700 | 1 |
_aMarcof Alvarez, Carlos F. _e, coord. _971297 |
|
| 901 | _aBK | ||
| 911 | _aen proceso | ||
| 942 | _cLIBRO | ||
| 949 |
_a636.08 G15 _bBC _cLIBRO _d33724002226040 _eLIBRO _fc.2 _h113929 _i111693 _sb |
||
| 949 |
_a636.08 G15 _bBC _cLIBRO _d33724002226124 _eLIBRO _fc.3 _h113930 _i111693 _si |
||
| 949 |
_a636.08 G15 _bBC _cUACH _d33724002226082 _eUACH _h113928 _i111693 _sb |
||
| 999 |
_c100035 _d100035 |
||